Paramount Chinese-English-Urdu dictionary / (Record no. 592276)
[ view plain ]
| 000 -LEADER | |
|---|---|
| fixed length control field | 01012cam a22002895i 4500 |
| 001 - CONTROL NUMBER | |
| control field | 21448645 |
| 003 - CONTROL NUMBER IDENTIFIER | |
| control field | NUST |
| 005 - DATE AND TIME OF LATEST TRANSACTION | |
| control field | 20221110114729.0 |
| 008 - FIXED-LENGTH DATA ELEMENTS--GENERAL INFORMATION | |
| fixed length control field | 200226s2016 pk a d 000 0 eng |
| 010 ## - LIBRARY OF CONGRESS CONTROL NUMBER | |
| LC control number | 2020373022 |
| 020 ## - INTERNATIONAL STANDARD BOOK NUMBER | |
| International Standard Book Number | 9789696371823 |
| 037 ## - SOURCE OF ACQUISITION | |
| Source of stock number/acquisition | Library of Congress -- Islamabad Overseas Office |
| 082 ## - DEWEY DECIMAL CLASSIFICATION NUMBER | |
| Classification number | 423,JAV |
| 100 1# - MAIN ENTRY--PERSONAL NAME | |
| Personal name | Javed, Syed Hasan, |
| Dates associated with a name | 1955- |
| Relator term | author. |
| 9 (RLIN) | 81282 |
| 245 10 - TITLE STATEMENT | |
| Title | Paramount Chinese-English-Urdu dictionary / |
| Statement of responsibility, etc. | Syed Hasan Javed |
| 246 30 - VARYING FORM OF TITLE | |
| Linkage | 880-01 |
| 250 ## - EDITION STATEMENT | |
| Edition statement | First edition. |
| 264 #1 - PRODUCTION, PUBLICATION, DISTRIBUTION, MANUFACTURE, AND COPYRIGHT NOTICE | |
| Place of production, publication, distribution, manufacture | Karachi: |
| Name of producer, publisher, distributor, manufacturer | Paramount Books, |
| Date of production, publication, distribution, manufacture, or copyright notice | 2016. |
| 300 ## - PHYSICAL DESCRIPTION | |
| Extent | xiv, 504 pages : |
| Other physical details | illustration ; |
| Dimensions | 23 cm |
| 336 ## - CONTENT TYPE | |
| Content type term | text |
| Content type code | txt |
| Source | rdacontent |
| 337 ## - MEDIA TYPE | |
| Media type term | unmediated |
| Media type code | n |
| Source | rdamedia |
| 338 ## - CARRIER TYPE | |
| Carrier type term | volume |
| Carrier type code | nc |
| Source | rdacarrier |
| 505 ## - FORMATTED CONTENTS NOTE | |
| Formatted contents note | "A book of Chinese words, phrases, idioms and wisdom in simple and common use characters". |
| 546 ## - LANGUAGE NOTE | |
| Language note | In English Chinese and Urdu. |
| 880 30 - ALTERNATE GRAPHIC REPRESENTATION | |
| Linkage | 246-01/(4/r |
| Title | پيراماؤنٹ چينى - انگريزى - اردو لغت |
| 942 ## - ADDED ENTRY ELEMENTS (KOHA) | |
| Source of classification or shelving scheme | |
| Koha item type | Book |
| Withdrawn status | Lost status | Source of classification or shelving scheme | Damaged status | Not for loan | Permanent Location | Current Location | Shelving location | Date acquired | Full call number | Barcode | Date last seen | Price effective from | Koha item type | Public note |
|---|---|---|---|---|---|---|---|---|---|---|---|---|---|---|
| Military College of Signals (MCS) | Military College of Signals (MCS) | Dictionaries | 11/10/2022 | 423,JAV | MCS38086 | 11/10/2022 | 11/10/2022 | Book | Almirah Fresh No.44, Shelf No.2 |
